Name all Wario Games - Statistics

General Stats
  • This quiz has been taken 13 times
    7 since last reset
  • The average score is 11 of 24
Answer Stats
Hint Answer % Correct
Wii U Game & Wario
100%
Switch WarioWare: Get It Together!
100%
3DS WarioWare Gold
100%
Switch WarioWare: Move It!
100%
Wii WarioWare: Smooth Moves
100%
GameCube Wario World
100%
Virtual Boy Virtual Boy Wario Land
50%
Game Boy Color Wario Land 3
50%
Game Boy Advance Wario Land 4
50%
Game Boy/Game Boy Color Wario Land II
50%
Wii Wario Land: Shake It!/Wario Land: The Shake Dimension
50%
NES/SNES Wario's Woods
50%
DS WarioWare D.I.Y.
50%
WiiWare WarioWare D.I.Y. Showcase
50%
DSiWare WarioWare: Snapped!
50%
DS WarioWare: Touched!
50%
Super Famicom Mario and Wario
0%
Game Boy Wario Blast: Featuring Bomberman!
0%
Game Boy Wario Land: Super Mario Land 3
0%
DS Wario: Master of Disguise
0%
Satellaview Wario's Woods: Bakushō Version
0%
Game Boy Advance WarioWare, Inc.: Mega Microgame$!
0%
GameCube WarioWare, Inc. Mega Party Game$!
0%
Game Boy Advance WarioWare: Twisted!
0%
No matching quizzes found
Score Distribution
Percent of People with Each Score
Percentile by Number Answered
Your Score History
You have not taken this quiz since the last reset